000 00937nam a2200265 a 4500
001 000030157
005 20250512104303.0
008 110503s2011 dr ad r 000 0 spa d
020 _a9789945877519
040 _aDO-SdBNP
_bspa
_cBNPHU
082 _a371.30281
_bP438e
100 1 _aPérez, Odalís
_d1952-
_923828
245 1 3 _aLa escritura académica :
_blas fases del proceso de investigación /
_cOdalís G. Pérez.
260 _aSanto Domingo :
_bEDIT.as,
_c2011.
300 _a392 p. :
_bil., gráfcs. ;
_c23 cm.
500 _aIncluye índice onomástico.
504 _aBibliografía : 375-388 p.
590 _aInventariado, 2018/BT
650 4 _aRedacción de escritos técnicos
_91600
650 0 _aDivulgación científica
_926049
650 4 _aRedacción de informes
_956871
650 0 _aTesis y disertaciones académicas
_919630
650 0 _a Ciencia -
_xMetodología
_93
910 _aValidado. Control de calidad. EMS
999 _c29649
_d29649